[Event "Reggio Emilia91 Top15"]
[Site "Reggio Emilia"]
[Date "1991.??.??"]
[Round "?"]
[White "Ljubojevic, Ljubomir"]
[Black "Epishin, Vladimir"]
[Result "1/2-1/2"]
[WhiteElo "2590"]
[BlackElo "2620"]

1.e4 c6 2.Nc3 d5 3.Nf3 g6 4.d4 Bg4 5.h3 Bxf3 6.Qxf3 e6 7.Bf4 Nd7 8.O-O-O Ngf6
9.exd5 Nxd5 10.Nxd5 cxd5 11.Qb3 Qb6 12.Bb5 Bd6 13.Bxd7+ Kxd7 14.Qf3 Bxf4+
15.Qxf4 Raf8 16.Rd3 Qc7 17.Qd2 Rc8 18.Kb1 Rhe8 19.g4 Re7 20.h4 Qd6 21.h5 Rg8
22.g5 Kc8 23.a3 b6 24.Rf3 Rd8 25.Rf6 Rc7 26.Qe2 Kb7 27.hxg6 hxg6 28.Rh7 Rf8
29.Qf3 Qd7 30.c3 a5 31.Qd3 Qe8 32.Qf3 b5 33.Ka2 Kb8 34.Qf4 Qc6 35.Rfxf7 Rxf7
36.Rxf7 Qc4+ 37.Kb1 Qf1+ 38.Kc2 Qe2+ 39.Kc1 Qe1+  1/2-1/2